| 000 | 00381 a2200157 4500 | ||
|---|---|---|---|
| 003 | Nust | ||
| 005 | 20170207153340.0 | ||
| 040 | _cNust | ||
| 082 | _a005.1 | ||
| 100 | _aSheri , Muqeem Ahmad BESE-01 | ||
| 245 |
_aDevelopment of a gross platform delivering tool _cAhmad Muqeem Sheri BESE-01 |
||
| 260 |
_bMCS _c1999 |
||
| 300 | _a55p | ||
| 538 | _aT4 And Shelf No 2 | ||
| 650 | _aProject | ||
| 942 | _cPRG | ||
| 999 |
_c184276 _d184276 |
||